000 00561nam a2200217 a 4500
999 _c4332
_d4332
001 4332
003 BD-JhCC
005 20171126195452.0
008 171126s1966 nju n a|||| || | 001 0 eng d
035 _a(BD-JhCC)4332
040 _aBD-JhCC
_dBD-JhCC
041 _aeng
082 _a917.2
_bWES 1966
100 _aWest, Robert C.
245 _aMiddle America :
_b Its Lands and Peoples /
_cRobert C. West,
260 _aNew Jersey :
_bPrentice-Hall, Inc.
300 _a482 p. :
_c25 cm.
650 _aMiddle America
942 _2ddc
_cBK